000 00664nam a2200289Ia 4500
005 20260324123219.0
008 008 260324s9999 xx 000 0 eng d
020 _a9781315609218
037 _aEBOOK
040 _aCRL
040 _beng
040 _cCRL
041 _2eng
041 _aeng
084 _qCRL
100 _aJ.S. Rowlinson
_91169464
245 0 _aSir James Dewar, 1842-1923
245 2 _bA Ruthless Chemist
260 _bTaylor and Francis
260 _c2012
365 _a
365 _b240
856 _uhttp://www.taylorfrancis.com/books/9781315609218
942 _cEBOOK
999 _c1762778
_d1762778